000
00317nam a2200121Ia 4500
008
190216s9999||||xx |||||||||||||| ||und||
100
_a
Bashkaran Pallikuruppu
245
0
_a
Alakaladangatha Theeram
260
_b
"Keyennam Publications, Palakkad"
_c
1992
300
_a
142p
650
_a
Malayalam Nadakam
942
_c
BK
999
_c
26764
_d
26764